Sports Quiz

Random Sports or Soccer Quiz

Football League Legends Quiz Stats

 Plays Quiz Updated Sep 26, 2019

Score 0/100 Timer 15:00
1 Play Today
Player % Correct
Bobby Charlton
70.4%
Alan Shearer
63.2%
George Best
61.6%
Bobby Moore
59.4%
Ryan Giggs
56.6%
Stanley Matthews
53.6%
Peter Shilton
51.8%
Éric Cantona
50.7%
Tommy Smith
49.3%
Geoff Hurst
48.8%
Gary Lineker
48.7%
Gordon Banks
48.3%
Denis Law
46.1%
Kevin Keegan
45.3%
Ian Rush
45%
Tony Adams
43.9%
Billy Wright
43.3%
Kenny Dalglish
42.8%
Bryan Robson
42.3%
Alan Ball
38.6%
Jimmy Greaves
38.5%
Paul Gascoigne
37.9%
Cliff Jones
37.7%
Martin Peters
36.2%
John Barnes
34.9%
Nobby Stiles
33.8%
Alan Hansen
31.9%
Dennis Bergkamp
30.8%
Dixie Dean
29.7%
Billy Bremner
29.4%
Tom Finney
29.2%
Duncan Edwards
29.1%
Glenn Hoddle
28.8%
Ray Clemence
28.1%
Player % Correct
Peter Schmeichel
25.8%
Graeme Souness
25.6%
Trevor Francis
21.4%
Nat Lofthouse
21.3%
Norman Hunter
20.4%
Archie Hunter
19.9%
Pat Jennings
19%
Colin Bell
18.8%
John Charles
18.5%
Danny Blanchflower
18.2%
Neville Southall
18.1%
Alex James
18%
David Jack
17.6%
Johnny Giles
17.5%
Tommy Taylor
17.4%
Ossie Ardiles
17.3%
Stan Mortensen
16.9%
Liam Brady
16%
Jackie Milburn
14.9%
Alf Ramsey
14.6%
Dave Mackay
13.1%
Malcolm Macdonald
12.8%
Jimmy Armfield
12.1%
Alec Young
11.9%
Johnny Haynes
11.7%
Cliff Bastin
11.6%
Billy Foulke
10.7%
Alan Mullery
10.7%
Tommy Lawton
10.7%
Paul McGrath
10.6%
Bert Trautmann
10.3%
Steve Bloomer
8.8%
Frank McLintock
8.7%
Wilf Mannion
8.6%
Player % Correct
Billy Meredith
8.5%
Raich Carter
8.3%
Ivor Allchurch
8.1%
Ted Drake
7%
Terry Paine
6.9%
Billy Liddell
6.8%
Frank Swift
6.7%
Len Shackleton
6.7%
Hughie Gallacher
6.5%
Charles Buchan
6.4%
Joe Mercer
6.3%
Eddie Hapgood
5.8%
Trevor Ford
5.7%
Jimmy McIlroy
5.6%
Viv Woodward
5.6%
Alf Common
5.6%
Jim Dickinson
5.3%
Elisha Scott
5.3%
Arthur Rowley
5%
Peter Doherty
4.8%
George Camsell
4.8%
Johnny Carey
4.7%
Bob Crompton
4.3%
Billy Bassett
4.2%
Neil Franklin
4.2%
Wilf Copping
3.8%
Harry Hibbs
3.7%
John Goodall
3.6%
Clem Stephenson
3.6%
Bill McCracken
3.5%
Sam Hardy
3.5%
George Hardwick
3.4%

You're not logged in!

Compare scores with friends on all Sporcle quizzes.
OR
Log In

Sporcle TV

Today on Sporcle TV


Watch our educational content, quiz creation guides, and fun videos on Sporcle TV.

Show Comments

Extras

Top Quizzes Today


Score Distribution

Your Account Isn't Verified!

In order to create a playlist on Sporcle, you need to verify the email address you used during registration. Go to your Sporcle Settings to finish the process.

Report this User

Report this user for behavior that violates our Community Guidelines.

Details: